Adelaide Crows (2024) - Statistics

General Stats
  • This quiz has been taken 39 times
  • The average score is 21 of 44
Answer Stats
Number Position Answer % Correct
2 Midfielder/Forward Ben Keays
95%
8 Forward Josh Rachele
95%
23 Forward Izak Rankine
86%
12 Midfielder Jordan Dawson
86%
5 Midfielder Matt Crouch
81%
7 Key Forward Riley Thilthorpe
81%
13 Key Forward Taylor Walker
81%
43 Ruck Reilly O'Brien
76%
4 Forward Lachlan Murphy
71%
3 Midfielder Sam Berry
71%
1 Midfielder/Defender Chayce Jones
67%
48 Key Defender Mark Keane
67%
9 Midfielder Rory Sloane
67%
32 Key Forward Darcy Fogarty
62%
6 Defender Daniel Curtin
57%
34 Key Forward/Ruck Elliott Himmelberg
57%
14 Midfielder Jake Soligo
57%
41 Key Defender Jordon Butts
52%
16 Defender Max Michalanney
52%
28 Key Defender Nick Murray
52%
39 Key Forward Toby Murray
52%
10 Forward Luke Pedlar
48%
29 Midfielder Rory Laird
48%
19 Midfielder Zac Taylor
48%
20 Defender Mitchell Hinge
43%
25 Forward Ned McHenry
43%
31 Midfielder Billy Dowling
38%
33 Defender Brodie Smith
38%
45 Ruck Kieran Strachan
38%
38 Midfielder Lachlan Sholl
38%
30 Defender Wayne Milera
38%
24 Key Defender Josh Worrell
29%
27 Defender Luke Nankervis
29%
21 Key Forward Chris Burgess
24%
44 Key Forward Lachlan Gollant
24%
40 Defender Hugh Bond
19%
35 Key Defender James Borlase
19%
17 Defender Will Hamill
19%
15 Forward Brayden Cook
14%
11 Midfielder Charlie Edwards
14%
26 Midfielder Harry Schoenberg
14%
22 Defender Oscar Ryan
14%
37 Defender Patrick Parnell
10%
36 Forward Karl Gallagher
5%
No matching quizzes found
Score Distribution
Percent of People with Each Score
Percentile by Number Answered
Your Score History
You have not taken this quiz